Lectiones salmanticenses, sive anniversaria relectio in rubricam L. I. L. iam hoc iure 4. l. lex Cornelia 28. l. sipater 29. D. de vulgari & pup. subst. triginta uno capitibus distributa / auctore Antonio Pichardo Vinuesa I. C. hispano, et apud eosdem Salmanticenses Caesarei iuris antecessore primario

Detalles Bibliográficos
Autor principal: Pichardo y Vinuesa, Antonio, 1565-1631
Otros Autores: Cosio, Diego de, 1591-1680?, ed
Formato: Libro
Lenguaje:Latin
Publicado: Salmanticae : excudebat Didacus à Cussio, 1625.
Materias:
Colección:Banco de datos
Acervo:Universidad Autónoma Benito Juárez de Oaxaca. Biblioteca Francisco de Burgoa. Colección antigua
Descripción Física:[4] h., 195 p. ; 4°
Tema general:Derecho civil
Notas:Portada tipográfica con orla, pleca y viñeta en grabado xilográfico. Texto a dos columnas con paginación en números arábigos, reclamos y signaturas. Incluye cabeceras de título con motivos arabescos en grabado xilográfico. Incluye capitulares con motivos florales en grabado xilográfico
LEADER 01325nam a22002050004500
035 |a 3290 
041 0 |a lat 
100 1 |a Pichardo y Vinuesa, Antonio, 1565-1631 
245 1 0 |a Lectiones salmanticenses, sive anniversaria relectio in rubricam L. I. L. iam hoc iure 4. l. lex Cornelia 28. l. sipater 29. D. de vulgari & pup. subst. triginta uno capitibus distributa / auctore Antonio Pichardo Vinuesa I. C. hispano, et apud eosdem Salmanticenses Caesarei iuris antecessore primario 
260 |a Salmanticae : excudebat Didacus à Cussio, 1625. 
300 |a [4] h., 195 p. ; 4° 
500 |a Portada tipográfica con orla, pleca y viñeta en grabado xilográfico. Texto a dos columnas con paginación en números arábigos, reclamos y signaturas. Incluye cabeceras de título con motivos arabescos en grabado xilográfico. Incluye capitulares con motivos florales en grabado xilográfico  
501 |a 3 obras 
504 |a Al principio de la obra está el índice de argumentos 
650 1 0 |a Derecho civil 
700 1 |a Cosio, Diego de, 1591-1680?, ed. 
852 |a Universidad Autónoma "Benito Juárez" de Oaxaca, Biblioteca Francisco de Burgoa, Colección antigua 9174-C 
942 |c BURANT 
943 |g Universidad Autónoma Benito Juárez de Oaxaca. Biblioteca Francisco de Burgoa. Colección antigua 
999 |c 1114301  |d 1114301